000 00209 a2200097 4500
001 3561
100 _aN.R.I
245 _aRadio television electronics dictionary
260 _a
_bRider
_c
090 _c2825
_d2825
942 _aNUST-CAE
_cM
_c20280
999 _c238634
_d238634